000 00316nam a22001337a 4500
008 170525b xxu||||| |||| 00| 0 eng d
020 _a9780201361315
041 _aeng
080 _24TH
_a624
100 _a26
101 _aIM
245 _aMANUFACTURING ENGINEERING AND TECHNOLOGY
_cKALPAKJIAN,S
942 _2udc
_cBK
999 _c14263
_d14263